000 00369nam a2200157Ia 4500
005 20250519013933.0
008 240331s9999 xx 000 0 und d
020 _a9559052926
082 _bKAN
_a305
100 _aAsiyanu Padanama
245 0 _aKanthawan desa yomuva
260 _aColombo
_bCenwor
_c2000
300 _a162 p .,
500 _aTowards Women
942 _cL
999 _c1489
_d1489